Performance of flood embankments in England and Wales (Record no. 74730)
[ view plain ]
| 000 -LEADER | |
|---|---|
| fixed length control field | 01361cab a2200229 4500 |
| 001 - CONTROL NUMBER | |
| control field | ABS68630 |
| 008 - FIXED-LENGTH DATA ELEMENTS--GENERAL INFORMATION | |
| fixed length control field | 050124n2004 000 0 eng u |
| 035 ## - SYSTEM CONTROL NUMBER | |
| System control number | (Sirsi) u128565 |
| 100 ## - MAIN ENTRY--PERSONAL NAME | |
| Personal name | Dyer, M. |
| 245 ## - TITLE STATEMENT | |
| Title | Performance of flood embankments in England and Wales |
| 260 ## - PUBLICATION, DISTRIBUTION, ETC. | |
| Date of publication, distribution, etc. | 2004 |
| 490 ## - SERIES STATEMENT | |
| Series statement | Water Management |
| Volume/sequential designation | 157(WM4) December 2004, 177-186(10) |
| 520 ## - SUMMARY, ETC. | |
| Summary, etc. | Reviews the geotechnical factors that can affect the performance of fluvial and estuarine flood defence embankments in the short and long term. There are some 35 000 km of such embankments in England and Wales with an annual £450m maintenance and new construction budget. Considers traditional flood embankment construction methods, compares them to modern techniques and looks at the type of local construction materials used. Discusses the range of geotechnical factors that can lead to loss of performance and examines case histories of embankment breaches. Figures and tables cover flood defence embankment construction, embankment breaches and partial failures and geotechnical factors affecting embankment stability. References. |
| 590 ## - LOCAL NOTE (RLIN) | |
| Local note | ABS |
| 650 ## - SUBJECT ADDED ENTRY--TOPICAL TERM | |
| Topical term or geographic name entry element | FLOOD DEFENCES |
| 650 ## - SUBJECT ADDED ENTRY--TOPICAL TERM | |
| Topical term or geographic name entry element | FLOOD MANAGEMENT |
| 650 ## - SUBJECT ADDED ENTRY--TOPICAL TERM | |
| Topical term or geographic name entry element | ESTUARIES |
| 650 ## - SUBJECT ADDED ENTRY--TOPICAL TERM | |
| Topical term or geographic name entry element | COASTAL DEFENCES |
| 650 ## - SUBJECT ADDED ENTRY--TOPICAL TERM | |
| Topical term or geographic name entry element | FLOODING |
| 690 ## - LOCAL SUBJECT ADDED ENTRY--TOPICAL TERM (OCLC, RLIN) | |
| Topical term or geographic name as entry element | ENVIRONMENTAL AND LAND CONSULTANCY-ENVIRONMENTAL MANAGEMENT |
| 942 ## - ADDED ENTRY ELEMENTS (KOHA) | |
| Suppress in OPAC | 0 |
| Withdrawn status | Lost status | Source of classification or shelving scheme | Damaged status | Not for loan | Home library | Current library | Shelving location | Date acquired | Total Checkouts | Full call number | Barcode | Date last seen | Copy number | Price effective from | Koha item type |
|---|---|---|---|---|---|---|---|---|---|---|---|---|---|---|---|
| Dewey Decimal Classification | London | London | Journal article | 24/01/2005 | ABS68630 | 128565-1001 | 06/08/2019 | 1 | 06/08/2019 | Journal article |